| 000 | 00985nam a2200325Ia 4500 | ||
|---|---|---|---|
| 003 | OSt | ||
| 005 | 20220912145325.0 | ||
| 006 | a|||||r|||| 00| 0 | ||
| 007 | ta | ||
| 008 | 220909b |||||||| |||| 00| 0 eng d | ||
| 020 | _a0471694908 (hbd) | ||
| 024 | _a77786 | ||
| 037 | _b232, 26/03/2007, N R Book Distributors | ||
| 037 | _cTextbook | ||
| 040 |
_aCSL _beng _cCSL |
||
| 041 | _aeng | ||
| 082 | _aB2T0b89Q8, P6 TOR | ||
| 100 | _aEl-Haik Basem | ||
| 245 | 0 | _aSimulation-based lean six-sigma and design for six sigma | |
| 260 |
_aHoboken _bJohn Wiley & Sons _c2006 |
||
| 300 |
_axx,404p. _ccm. |
||
| 500 | _aIndex 401-404p | ||
| 650 | _a Production engineering | ||
| 650 | _a Six sigma | ||
| 650 | _a Total quality management | ||
| 650 | _aOperational Research | ||
| 700 | _a Al-Aomar Raid | ||
| 942 |
_hB2T0b89Q8, P6 TOR _cTB _2CC |
||
| 999 |
_c28943 _d28943 |
||